000 01060nam a2200289 u 4500
005 20240924070859.0
008 191202s2018 mx r 000 0 spa d
020 _a9786077365471
035 _aUPN01000234512
040 _aMX-MxUPN
_bspa
_cMX-MxUPN
050 _aK376
_bM46 2018
100 1 _aMendonca, Daniel
_945677
245 1 0 _aConflicto y balance de derechos
250 _aPrimera edición
260 _aCiudad de México, México :
_bEditorial Fontamara,
_c2018.
300 _a92 páginas
490 _aCátedra Ulises Schmill ;
_v2017
500 _aEn portada: ITAM, ELD, Suprema Corte de Justicia de la Nación
505 0 _aConflicto y balance de derechos / Daniel Mendonca -- Concepciones de la democracia y la teoría sociológica del conflicto / Ulises Schmill.
650 2 _aJurisprudencia sociológica
_96667
650 2 _aConflicto social
_96949
650 4 _aDerecho
_xFilosofía
_99941
650 2 _aDerechos civiles
_xInterpretación y construcción
_97718
905 _aLibro
942 _n0
_cLIBRO
_2lcc
999 _c206607
_d206607